[Event "VI Scaccomatto A"]
[Site "Torino ITA"]
[Date "2008.12.07"]
[Round "8"]
[White "Gallucci, Alessio"]
[Black "Sarno, Spartaco"]
[Result "0-1"]
[WhiteElo "2197"]
[BlackElo "2336"]
[PlyCount "32"]
[EventDate "2008.12.01"]

1. e4 d6 2. d4 Nf6 3. Nc3 g6 4. f4 Bg7 5. Nf3 O-O 6. Be3 b6 7. Qd2 Bb7 8. e5
Ng4 9. O-O-O c5 10. dxc5 bxc5 11. Bxc5 Qa5 12. Ba3 Nc6 13. Bc4 Ncxe5 14. fxe5
Bh6 15. Ng5 Nxe5 16. Bb3 Bxg5 0-1

[Event "VI Scaccomatto A"]
[Site "Torino ITA"]
[Date "2008.12.07"]
[Round "8"]
[White "Vocaturo, Daniele"]
[Black "Foisor, Cristina-Adela"]
[Result "1-0"]
[WhiteElo "2383"]
[BlackElo "2365"]
[PlyCount "107"]
[EventDate "2008.12.01"]

1. e4 g6 2. d4 Bg7 3. Nc3 d6 4. Be3 a6 5. Nf3 Bg4 6. h3 Bxf3 7. Qxf3 e6 8. g4
Nc6 9. O-O-O h5 10. Bg2 Bh6 11. Bxh6 Rxh6 12. Qe3 hxg4 13. hxg4 Rxh1 14. Rxh1
Qf6 15. e5 Qg7 16. exd6 O-O-O 17. Bxc6 bxc6 18. dxc7 Rxd4 19. Qe2 Kxc7 20. Qxa6
e5 21. Qa7+ Kd6 22. Qb8+ Ke6 23. Qc8+ Kd6 24. Re1 f5 25. gxf5 gxf5 26. Qxf5 Ne7
27. Qh5 Nd5 28. Ne4+ Kc7 29. Nc5 Nf4 30. Qf5 Rd5 31. Qxf4 Rxc5 32. Qe3 Ra5 33.
a3 Qg2 34. Kb1 Qg4 35. Qc3 Kb6 36. f3 Qg3 37. Re4 Qg1+ 38. Ka2 Rc5 39. Qb3+ Rb5
40. Qe3+ Qxe3 41. Rxe3 Rd5 42. b4 Rd2 43. Kb3 Rf2 44. a4 Ka6 45. c3 Kb6 46. Kc4
Rf1 47. a5+ Kb7 48. Kc5 Kc7 49. c4 Rf2 50. Rxe5 Rxf3 51. Re7+ Kd8 52. Re6 Kc7
53. Rxc6+ Kb7 54. Rd6 1-0

[Event "VI Scaccomatto A"]
[Site "Torino ITA"]
[Date "2008.12.08"]
[Round "9"]
[White "Dgebuadze, Alexandre"]
[Black "Vocaturo, Daniele"]
[Result "1/2-1/2"]
[WhiteElo "2544"]
[BlackElo "2383"]
[PlyCount "93"]
[EventDate "2008.12.01"]

1. d4 Nf6 2. Nf3 g6 3. c4 Bg7 4. Nc3 O-O 5. g3 d6 6. Bg2 Nbd7 7. O-O e5 8. e3
Re8 9. b3 exd4 10. exd4 Nf8 11. h3 c6 12. Bg5 Bf5 13. Qd2 Qc8 14. Bxf6 Bxf6 15.
Kh2 h5 16. Rfe1 Qd7 17. Rad1 Rad8 18. Qf4 Ne6 19. Qc1 Nf8 20. b4 Qc7 21. a3 a6
22. Kg1 Qd7 23. Kh2 Qc7 24. h4 Bg7 25. Rxe8 Rxe8 26. Ng5 Nh7 27. Nxh7 Kxh7 28.
Bf3 Qc8 29. Qf4 Qe6 30. d5 Qe7 31. Ne2 cxd5 32. Nd4 Bxd4 33. Qxd4 dxc4 34. Qxc4
Rd8 35. Qd5 Rd7 36. Rc1 Qf6 37. Kg2 Be6 38. Qd1 d5 39. Rc8 d4 40. Rb8 Bd5 41.
Bxd5 Rxd5 42. Rxb7 Rf5 43. f3 Rd5 44. Qd3 Re5 45. Qc4 Kg8 46. Qc8+ Kh7 47. Qc4
1/2-1/2

[Event "VI Scaccomatto A"]
[Site "Torino ITA"]
[Date "2008.12.08"]
[Round "9"]
[White "Spatola, Davide"]
[Black "Foisor, Mihaela-Veronica"]
[Result "1/2-1/2"]
[WhiteElo "2014"]
[BlackElo "2109"]
[PlyCount "101"]
[EventDate "2008.12.01"]

1. Nf3 d5 2. g3 c5 3. Bg2 Nc6 4. d3 e6 5. Nbd2 Bd6 6. c3 Nge7 7. e4 O-O 8. O-O
Qc7 9. Ne1 f6 10. f4 d4 11. Nc4 b5 12. Nxd6 Qxd6 13. Qe2 f5 14. Bd2 Bb7 15. Rf2
Rad8 16. Rd1 Kh8 17. a3 a5 18. Bc1 a4 19. Nc2 Rd7 20. cxd4 Nxd4 21. Nxd4 cxd4
22. Bd2 Nc6 23. Rc1 Rc8 24. Be1 Rdc7 25. Qd1 Nb8 26. Rfc2 Na6 27. Ba5 Rc5 28.
e5 Qd7 29. Bxb7 Qxb7 30. Rxc5 Rxc5 31. Rxc5 Nxc5 32. Qc2 Nb3 33. Qc7 Qxc7 34.
Bxc7 Kg8 35. Bd6 Kf7 36. Kf1 Ke8 37. Ke2 Kd7 38. Kd1 Kc6 39. Kc2 Kd5 40. Bc7
Nc5 41. Bd8 g6 42. Be7 Nd7 43. Bd6 h6 44. h4 h5 45. Bc7 Nc5 46. Bb6 Ne4 47.
dxe4+ fxe4 48. Kd2 Kc4 49. Ke2 Kd5 50. Ba7 Kc4 51. Bb6 1/2-1/2

[Event "LXVIII C.to Italiano"]
[Site "Martina Franca ITA"]
[Date "2008.12.03"]
[Round "1"]
[White "Brunello, Sabino"]
[Black "Genocchio, Daniele"]
[Result "1-0"]
[WhiteElo "2456"]
[BlackElo "2452"]
[PlyCount "91"]
[EventDate "2008.12.03"]

1. e4 e6 2. d4 d5 3. Nd2 Nf6 4. e5 Nfd7 5. Bd3 c5 6. c3 Nc6 7. Ne2 cxd4 8. cxd4
f6 9. exf6 Nxf6 10. Nf3 Bd6 11. O-O Qc7 12. Bg5 O-O 13. Bh4 Bd7 14. Bg3 Nh5 15.
Qc2 h6 16. Ne5 Nxe5 17. Qxc7 Bxc7 18. Bxe5 Bxe5 19. dxe5 Nf4 20. Nxf4 Rxf4 21.
Rac1 Rb4 22. Rc7 Rd8 23. b3 a5 24. f4 Bb5 25. Bxb5 Rxb5 26. Re7 d4 27. Rc1 d3
28. Kf2 Kf8 29. Rxe6 Rc5 30. Rd1 Rc2+ 31. Kf3 b5 32. a4 bxa4 33. bxa4 Ra2 34.
Rd6 Rxd6 35. exd6 d2 36. Ke3 Ke8 37. Rxd2 Rxa4 38. d7+ Kd8 39. Rd6 g5 40. f5
Rf4 41. Rd5 a4 42. g3 Rb4 43. f6 Rb3+ 44. Ke4 Rb1 45. f7 Re1+ 46. Kf5 1-0

[Event "LXVIII C.to Italiano"]
[Site "Martina Franca ITA"]
[Date "2008.12.03"]
[Round "1"]
[White "Bruno, Fabio"]
[Black "Caruana, Fabiano"]
[Result "0-1"]
[WhiteElo "2453"]
[BlackElo "2640"]
[PlyCount "96"]
[EventDate "2008.12.03"]

1. Nf3 Nf6 2. c4 e6 3. g3 a6 4. Bg2 b5 5. b3 c5 6. Nc3 Qb6 7. e4 Bb7 8. e5 Ne4
9. Nxe4 Bxe4 10. d3 Bg6 11. O-O Nc6 12. Nh4 Be7 13. Nxg6 hxg6 14. Bb2 Rd8 15.
Qg4 O-O 16. h4 d6 17. exd6 Rxd6 18. h5 f5 19. Qxg6 e5 20. Bd5+ Kh8 21. Be6 Rf6
22. Qe8+ Bf8 23. Bd7 Nd4 24. Bxd4 Rxd4 25. Qc8 f4 26. cxb5 axb5 27. a4 c4 28.
axb5 cxd3 29. Ra6 Qc5 30. Rxf6 gxf6 31. b6 Qxc8 32. Bxc8 fxg3 33. b7 Bd6 34. f3
Rb4 35. Rb1 Kg7 36. Kg2 e4 37. fxe4 Rxe4 38. Bh3 d2 39. Rd1 Re2+ 40. Kf3 Rf2+
41. Ke3 f5 42. h6+ Kxh6 43. Bxf5 Rxf5 44. Rxd2 Bb8 45. Rd8 Ba7+ 46. Ke2 Rf2+
47. Kd3 Rf7 48. Rg8 Rxb7 0-1

[Event "LXVIII C.to Italiano"]
[Site "Martina Franca ITA"]
[Date "2008.12.03"]
[Round "1"]
[White "Contin, Daniel"]
[Black "Valsecchi, Alessio"]
[Result "1/2-1/2"]
[WhiteElo "2318"]
[BlackElo "2342"]
[PlyCount "39"]
[EventDate "2008.12.03"]

1. d4 Nf6 2. c4 g6 3. Nc3 Bg7 4. e4 d6 5. f3 O-O 6. Be3 e5 7. d5 c6 8. Qd2 cxd5
9. cxd5 a6 10. O-O-O Qa5 11. Kb1 b5 12. Bd3 Nbd7 13. Nce2 Qxd2 14. Rxd2 Bb7 15.
Nh3 Rfc8 16. Nf2 Nc5 17. Bc2 a5 18. Nd3 Nfd7 19. Nxc5 Nxc5 20. Nc1 1/2-1/2

[Event "LXVIII C.to Italiano"]
[Site "Martina Franca ITA"]
[Date "2008.12.03"]
[Round "1"]
[White "Dvirnyy, Danyyil"]
[Black "Shytaj, Luca"]
[Result "1/2-1/2"]
[WhiteElo "2458"]
[BlackElo "2472"]
[PlyCount "78"]
[EventDate "2008.12.03"]

1. e4 c5 2. Nf3 d6 3. d4 cxd4 4. Nxd4 Nf6 5. Nc3 a6 6. Bc4 e5 7. Nf5 Be6 8.
Bxe6 fxe6 9. Ng3 Be7 10. O-O O-O 11. Be3 Nc6 12. Qe2 Rc8 13. Rfd1 Qe8 14. Rac1
Na5 15. Rd3 Nc4 16. Nd1 Qg6 17. b3 Nxe3 18. Rxe3 Ng4 19. Rd3 Rf4 20. h3 Nf6 21.
Nc3 Rf8 22. Rf1 b5 23. Re1 Nd7 24. Nd1 Nc5 25. Re3 b4 26. Qh5 Qf6 27. Qe2 Qf7
28. Nf1 Bg5 29. Nh2 Qg6 30. g3 Bh6 31. Kh1 R4f7 32. Rf3 Bg5 33. Rxf7 Qxf7 34.
Kg2 Qb7 35. Kg1 Bd8 36. Nf1 Bb6 37. Nd2 Qe7 38. Nc4 Bc7 39. Qd2 a5 1/2-1/2

[Event "LXVIII C.to Italiano"]
[Site "Martina Franca ITA"]
[Date "2008.12.03"]
[Round "1"]
[White "Garcia Palermo, Carlos Horacio"]
[Black "Rombaldoni, Denis"]
[Result "0-1"]
[WhiteElo "2459"]
[BlackElo "2436"]
[PlyCount "84"]
[EventDate "2008.12.03"]

1. d4 d5 2. Nf3 Nf6 3. c4 c6 4. Qb3 g6 5. Nc3 dxc4 6. Qxc4 b5 7. Qb3 Bg7 8. g3
Be6 9. Qd1 b4 10. Na4 Nbd7 11. Bg2 Bd5 12. O-O O-O 13. b3 Rc8 14. Bb2 c5 15.
dxc5 Nxc5 16. Nxc5 Rxc5 17. Bd4 Ra5 18. Qd2 Bxf3 19. Bxf3 e5 20. Be3 e4 21. Bg2
Qxd2 22. Bxd2 Nd5 23. Rad1 Rxa2 24. Bxe4 Nc3 25. Bxc3 bxc3 26. e3 c2 27. Rc1
Rc8 28. Rfe1 f5 29. Bd3 Rc3 30. Bc4+ Kf8 31. e4 Bh6 32. f4 g5 33. exf5 gxf4 34.
Re6 Rb2 35. Rf6+ Kg7 36. Rc6 Rb1 37. f6+ Kg6 38. f7+ Kg7 39. Rc8 Rxc1+ 40. Kg2
Kf6 41. Rc6+ Ke7 42. Re6+ Kxf7 0-1

[Event "LXVIII C.to Italiano"]
[Site "Martina Franca ITA"]
[Date "2008.12.03"]
[Round "1"]
[White "Godena, Michele"]
[Black "Piscopo, Pierluigi"]
[Result "1/2-1/2"]
[WhiteElo "2517"]
[BlackElo "2380"]
[PlyCount "61"]
[EventDate "2008.12.03"]

1. e4 c5 2. c3 e6 3. d4 d5 4. exd5 exd5 5. Nf3 Nc6 6. Be3 c4 7. b3 cxb3 8. axb3
Nf6 9. Bd3 Bg4 10. Nbd2 Bd6 11. O-O O-O 12. Bg5 h6 13. Bh4 Bf4 14. Qb1 Qd6 15.
b4 b6 16. Qa2 Nd7 17. Rfe1 Rfe8 18. Qa6 Nf8 19. Bg3 Bxg3 20. hxg3 Ne6 21. Qa4
Nc7 22. Rxe8+ Rxe8 23. b5 Na5 24. Ne5 Bd7 25. Qb4 Qe7 26. Qb1 Rb8 27. Ra2 Be8
28. Ndf3 g5 29. Re2 Qd6 30. Qe1 Bxb5 31. Bxb5 1/2-1/2

[Event "LXVIII C.to Italiano"]
[Site "Martina Franca ITA"]
[Date "2008.12.04"]
[Round "2"]
[White "Caruana, Fabiano"]
[Black "Garcia Palermo, Carlos Horacio"]
[Result "1-0"]
[WhiteElo "2640"]
[BlackElo "2459"]
[PlyCount "43"]
[EventDate "2008.12.03"]

1. d4 Nf6 2. c4 e6 3. g3 c5 4. d5 exd5 5. cxd5 Bd6 6. Nc3 O-O 7. Bg2 Re8 8. Nf3
a6 9. O-O b5 10. Bg5 Bf8 11. d6 Bb7 12. e4 Ra7 13. Re1 h6 14. Bxf6 Qxf6 15. e5
Qe6 16. a4 b4 17. Ne4 Rc8 18. Rc1 c4 19. Qd4 Nc6 20. Qb6 Ba8 21. Nd4 Nxd4 22.
Qxd4 1-0

[Event "LXVIII C.to Italiano"]
[Site "Martina Franca ITA"]
[Date "2008.12.04"]
[Round "2"]
[White "Genocchio, Daniele"]
[Black "Contin, Daniel"]
[Result "1-0"]
[WhiteElo "2452"]
[BlackElo "2318"]
[PlyCount "89"]
[EventDate "2008.12.03"]

1. d4 e6 2. Nf3 Nf6 3. Nc3 d5 4. Bg5 c5 5. e4 cxd4 6. Qxd4 Nc6 7. Bb5 Be7 8.
exd5 exd5 9. Bxf6 Bxf6 10. Qc5 Bxc3+ 11. Qxc3 O-O 12. O-O Qb6 13. Bxc6 bxc6 14.
b4 a5 15. a3 axb4 16. axb4 Rb8 17. Rfb1 Re8 18. Qc5 Ba6 19. Nd4 Bb5 20. Qxb6
Rxb6 21. Re1 Rxe1+ 22. Rxe1 Kf8 23. Ra1 Ba6 24. c3 g6 25. f4 Ke7 26. Kf2 Kd6
27. Ra5 Bc8 28. Ra7 Be6 29. Ra5 Bd7 30. Ra7 h6 31. Nb3 Be6 32. Ra5 g5 33. g3
Rb8 34. Ra6 Bc8 35. Ra7 Be6 36. Nd4 Rb6 37. Ke3 c5 38. bxc5+ Kxc5 39. f5 Kd6
40. fxe6 fxe6 41. Rh7 e5 42. Rxh6+ Kc5 43. Rxb6 exd4+ 44. cxd4+ Kxb6 45. h4 1-0

[Event "LXVIII C.to Italiano"]
[Site "Martina Franca ITA"]
[Date "2008.12.04"]
[Round "2"]
[White "Godena, Michele"]
[Black "Bruno, Fabio"]
[Result "1/2-1/2"]
[WhiteElo "2517"]
[BlackElo "2453"]
[PlyCount "86"]
[EventDate "2008.12.03"]

1. e4 e6 2. d4 d5 3. Nd2 Nf6 4. e5 Nfd7 5. Bd3 c5 6. c3 Nc6 7. Ne2 cxd4 8. cxd4
f6 9. exf6 Nxf6 10. Nf3 Bd6 11. O-O O-O 12. Bf4 Nh5 13. Bxd6 Qxd6 14. Nc3 Nf4
15. Re1 Bd7 16. Bf1 Be8 17. Ne5 Nxe5 18. Rxe5 Ng6 19. Re3 Nh4 20. Qd2 Nf5 21.
Re5 Qb6 22. Rd1 Bh5 23. Rde1 Bf7 24. Nxd5 Qxd4 25. Qxd4 Nxd4 26. Nc3 Rac8 27.
f3 Rfd8 28. Kf2 Rd6 29. Rd1 Kf8 30. Re4 Nf5 31. Rxd6 Nxd6 32. Ra4 a6 33. Bd3 h6
34. Rb4 Rc7 35. Ne4 Nxe4+ 36. Rxe4 Ke7 37. Rg4 g5 38. Rb4 b5 39. a4 bxa4 40.
Rxa4 Rb7 41. b4 Be8 42. Rxa6 Rxb4 43. Ra7+ Kf6 1/2-1/2

[Event "LXVIII C.to Italiano"]
[Site "Martina Franca ITA"]
[Date "2008.12.04"]
[Round "2"]
[White "Piscopo, Pierluigi"]
[Black "Valsecchi, Alessio"]
[Result "1-0"]
[WhiteElo "2380"]
[BlackElo "2342"]
[PlyCount "91"]
[EventDate "2008.12.03"]

1. e4 e5 2. Nf3 Nc6 3. Bc4 Nf6 4. d3 Be7 5. O-O O-O 6. Re1 d6 7. c3 Na5 8. Bb5
a6 9. Ba4 b5 10. Bc2 c5 11. Nbd2 Re8 12. Nf1 h6 13. d4 cxd4 14. cxd4 Nc6 15. d5
Nb4 16. Bb1 a5 17. a3 Na6 18. b4 Bd7 19. Bd2 axb4 20. axb4 Nc7 21. Bd3 Bf8 22.
Ne3 g6 23. Bc3 Bg7 24. Nd2 Nh5 25. Nb3 Qg5 26. Bf1 f5 27. Nc5 dxc5 28. bxc5 f4
29. Nc2 Bf8 30. Rxa8 Rxa8 31. d6 f3 32. dxc7 fxg2 33. Qd5+ Kh8 34. Bxe5+ Kh7
35. Qxd7+ Be7 36. Bxg2 Qxe5 37. Qd5 Qxc7 38. Qxa8 Bxc5 39. Ne3 Nf4 40. Ng4 h5
41. Nf6+ Kh6 42. Rf1 Qf7 43. e5 Qc4 44. Qh8+ Kg5 45. Ne4+ Kg4 46. Qc8+ 1-0

[Event "LXVIII C.to Italiano"]
[Site "Martina Franca ITA"]
[Date "2008.12.04"]
[Round "2"]
[White "Rombaldoni, Denis"]
[Black "Dvirnyy, Danyyil"]
[Result "1/2-1/2"]
[WhiteElo "2436"]
[BlackElo "2458"]
[PlyCount "50"]
[EventDate "2008.12.03"]

1. d4 Nf6 2. Nf3 g6 3. c4 Bg7 4. g3 O-O 5. Bg2 d5 6. cxd5 Nxd5 7. O-O Nc6 8. e4
Nb6 9. d5 Na5 10. Nc3 c6 11. Re1 Bg4 12. h3 Bd7 13. g4 Rc8 14. d6 exd6 15. Qxd6
Nac4 16. Qg3 Nxb2 17. Bxb2 Nc4 18. Rab1 Nxb2 19. Nd2 Qa5 20. e5 Na4 21. Nxa4
Qxa4 22. Ne4 Be6 23. Qh4 h6 24. g5 Qa5 25. f4 h5 1/2-1/2

[Event "LXVIII C.to Italiano"]
[Site "Martina Franca ITA"]
[Date "2008.12.04"]
[Round "2"]
[White "Shytaj, Luca"]
[Black "Brunello, Sabino"]
[Result "1/2-1/2"]
[WhiteElo "2472"]
[BlackElo "2456"]
[PlyCount "30"]
[EventDate "2008.12.03"]

1. e4 e5 2. Nf3 Nc6 3. d4 exd4 4. Nxd4 Bc5 5. Nxc6 Qf6 6. Qf3 bxc6 7. Be2 d6 8.
O-O Qxf3 9. Bxf3 Ne7 10. Rd1 a5 11. Nc3 a4 12. b3 axb3 13. cxb3 Be6 14. Na4 Ba7
15. Bb2 f6 1/2-1/2

[Event "LXVIII C.to Italiano"]
[Site "Martina Franca ITA"]
[Date "2008.12.05"]
[Round "3"]
[White "Brunello, Sabino"]
[Black "Rombaldoni, Denis"]
[Result "1/2-1/2"]
[WhiteElo "2456"]
[BlackElo "2436"]
[PlyCount "118"]
[EventDate "2008.12.03"]

1. d4 d5 2. c4 c6 3. Nf3 Nf6 4. Nc3 a6 5. cxd5 cxd5 6. Bf4 Nc6 7. e3 Bg4 8. Be2
e6 9. O-O Bd6 10. Bxd6 Qxd6 11. Rc1 O-O 12. Na4 Bxf3 13. Bxf3 e5 14. dxe5 Nxe5
15. Be2 Rac8 16. Qd4 b5 17. Nc5 Nc6 18. Qd2 a5 19. a3 b4 20. Rfd1 bxa3 21. bxa3
Ne5 22. Nb7 Qxa3 23. Ra1 Qb4 24. Nxa5 Qxd2 25. Rxd2 Ra8 26. Rdd1 Rfb8 27. Nb3
Rxa1 28. Rxa1 g6 29. Nd4 Rb2 30. f3 Nc6 31. Nxc6 Rxe2 32. Ra3 Rc2 33. Nd4 Rb2
34. Ra8+ Kg7 35. Rd8 h5 36. h4 Rb1+ 37. Kf2 Rh1 38. Kg3 Re1 39. Kf4 Rh1 40. g3
Ra1 41. Rd6 Ra3 42. Rb6 Ra7 43. Nc6 Ra4+ 44. Nd4 Ra7 45. Rc6 Nd7 46. Rc1 Ra6
47. Rc6 Ra7 48. Rd6 Nf6 49. Rb6 Nd7 50. Rb5 Nf6 51. Nc6 Ra6 52. Nb4 Ra4 53. Ke5
Ra3 54. Kd4 Rb3 55. Rb7 Rb1 56. Kd3 Rb3+ 57. Kd4 Rb1 58. Ke5 Rf1 59. Kf4 Rb1
1/2-1/2

[Event "LXVIII C.to Italiano"]
[Site "Martina Franca ITA"]
[Date "2008.12.05"]
[Round "3"]
[White "Bruno, Fabio"]
[Black "Piscopo, Pierluigi"]
[Result "1-0"]
[WhiteElo "2453"]
[BlackElo "2380"]
[PlyCount "85"]
[EventDate "2008.12.03"]

1. Nf3 c5 2. c4 Nc6 3. Nc3 e5 4. g3 g6 5. Bg2 Bg7 6. O-O Nge7 7. Rb1 a6 8. a3
Rb8 9. b4 cxb4 10. axb4 b5 11. c5 d5 12. cxd6 Qxd6 13. d3 O-O 14. Be3 Qd8 15.
Bc5 h6 16. Qd2 Re8 17. Rfd1 Nd4 18. Ne4 Nxf3+ 19. Bxf3 Nf5 20. e3 Bb7 21. Qa2
Re6 22. Rbc1 Ne7 23. Bg2 Nd5 24. Qb3 Rc8 25. Rd2 Kh7 26. Nc3 Nxc3 27. Bxb7 Rc7
28. Bg2 Na4 29. Rdc2 Re8 30. Bd5 Qd7 31. e4 Rec8 32. Be3 Rxc2 33. Rxc2 Rxc2 34.
Qxc2 Bf8 35. Qb3 Kg8 36. d4 exd4 37. Bxd4 Bg7 38. e5 Qe7 39. Qf3 h5 40. h4 Bh8
41. Qe4 Kh7 42. Qf4 Kg8 43. Qh6 1-0

[Event "LXVIII C.to Italiano"]
[Site "Martina Franca ITA"]
[Date "2008.12.05"]
[Round "3"]
[White "Contin, Daniel"]
[Black "Shytaj, Luca"]
[Result "0-1"]
[WhiteElo "2318"]
[BlackElo "2472"]
[PlyCount "136"]
[EventDate "2008.12.03"]

1. Nf3 c5 2. c4 Nc6 3. Nc3 e5 4. g3 g6 5. Bg2 Bg7 6. O-O d6 7. a3 a5 8. d3 Nge7
9. Rb1 O-O 10. Bd2 h6 11. Ne1 Be6 12. Nc2 d5 13. cxd5 Nxd5 14. Nxd5 Bxd5 15.
Bxd5 Qxd5 16. Qc1 h5 17. Ne3 Qd6 18. Nc4 Qe6 19. Be3 Nd4 20. Bxd4 exd4 21. Qd2
a4 22. Qc2 Rfc8 23. e4 dxe3 24. Nxe3 Bd4 25. Rfe1 Re8 26. b4 axb3 27. Qxb3 Qxb3
28. Rxb3 b5 29. Kg2 Kf8 30. Kf3 Ra6 31. Rxb5 Rxa3 32. Rd1 Ra2 33. Rb6 Kg7 34.
h4 Re5 35. Rc6 Re7 36. Re1 Rd2 37. Rd6 Re5 38. Re2 Rxd3 39. Kf4 f6 40. Kf3 Ra3
41. Rd7+ Kf8 42. Rc7 Re7 43. Rxe7 Kxe7 44. g4 Ke6 45. gxh5 gxh5 46. Re1 Ke5 47.
Rb1 Ra4 48. Ng2 Ra3+ 49. Ne3 Bxe3 50. fxe3 Ra4 51. Rb5 Rc4 52. Rb8 Rxh4 53.
Re8+ Kd6 54. Rf8 Ke7 55. Rc8 c4 56. Rc5 Kd6 57. Rf5 Ke6 58. Rc5 f5 59. Rc6+ Kd5
60. Rc8 Re4 61. Rd8+ Ke6 62. Re8+ Kf7 63. Rc8 h4 64. Rc6 Kg7 65. Rd6 h3 66. Rd2
Rh4 67. Rh2 Kf6 68. Kg3 Kg5 0-1

[Event "LXVIII C.to Italiano"]
[Site "Martina Franca ITA"]
[Date "2008.12.05"]
[Round "3"]
[White "Valsecchi, Alessio"]
[Black "Genocchio, Daniele"]
[Result "1-0"]
[WhiteElo "2342"]
[BlackElo "2452"]
[PlyCount "151"]
[EventDate "2008.12.03"]

1. e4 e5 2. Nf3 Nc6 3. Bb5 Nf6 4. O-O Nxe4 5. d4 Be7 6. Re1 Nd6 7. dxe5 Nxb5 8.
a4 d6 9. axb5 Nxe5 10. Nxe5 dxe5 11. Qxd8+ Kxd8 12. Rxe5 Bd6 13. Rd5 Re8 14.
Be3 Re5 15. Rd2 b6 16. Nc3 Bb7 17. Bf4 Re6 18. Bxd6 Rxd6 19. Rxd6+ cxd6 20. Ne2
a5 21. bxa6 Rxa6 22. Rxa6 Bxa6 23. Nd4 Kd7 24. f3 Bc8 25. Kf2 Ke7 26. Ke3 Kf6
27. Nb5 Ke5 28. Nc3 Bf5 29. f4+ Ke6 30. Ne2 Kd5 31. Nd4 Bc8 32. b3 Kc5 33. c3
Bb7 34. g3 b5 35. Kd3 g6 36. b4+ Kb6 37. Nc2 Bf3 38. Kd4 Kc6 39. Ke3 Bd5 40.
Nd4+ Kb6 41. f5 Bc4 42. h4 Kc7 43. Kf4 h6 44. fxg6 fxg6 45. h5 gxh5 46. Kf5
Bd3+ 47. Kf6 Kd7 48. Ne6 Be2 49. Nd4 Bd3 50. Kf7 Bc4+ 51. Kg6 Ke7 52. Kxh5 Kf6
53. Kxh6 Ke5 54. g4 Ke4 55. Nf5 Be6 56. Kg5 Kd3 57. Kf6 Bg8 58. g5 Bh7 59. Nxd6
Kxc3 60. Nxb5+ Kxb4 61. Nd4 Kc4 62. Nf3 Kd3 63. Nh4 Ke3 64. Ng6 Bg8 65. Nf8 Kf4
66. g6 Kg4 67. Ne6 Kh5 68. Nd8 Bc4 69. Nf7 Bd3 70. g7 Bh7 71. Ne5 Kh6 72. Kf7
Bc2 73. Kf8 Bh7 74. Kf7 Bc2 75. Ng4+ Kh5 76. Kf8 1-0

[Event "LXVIII C.to Italiano"]
[Site "Martina Franca ITA"]
[Date "2008.12.06"]
[Round "4"]
[White "Bruno, Fabio"]
[Black "Garcia Palermo, Carlos Horacio"]
[Result "1/2-1/2"]
[WhiteElo "2453"]
[BlackElo "2459"]
[PlyCount "42"]
[EventDate "2008.12.03"]

1. Nf3 d5 2. d4 e6 3. Bf4 Bd6 4. Bg3 Nf6 5. Nbd2 Nc6 6. e3 Qe7 7. Bb5 Bd7 8.
O-O O-O 9. Re1 a6 10. Bd3 Bxg3 11. hxg3 e5 12. dxe5 Nxe5 13. Nxe5 Qxe5 14. c3
Rad8 15. Qc2 Rfe8 16. e4 Bb5 17. Bxb5 axb5 18. Nf3 Qh5 19. exd5 Rxe1+ 20. Rxe1
Qxd5 21. a4 bxa4 1/2-1/2

[Event "LXVIII C.to Italiano"]
[Site "Martina Franca ITA"]
[Date "2008.12.06"]
[Round "4"]
[White "Caruana, Fabiano"]
[Black "Brunello, Sabino"]
[Result "1-0"]
[WhiteElo "2640"]
[BlackElo "2456"]
[PlyCount "115"]
[EventDate "2008.12.03"]

1. d4 Nf6 2. c4 e6 3. Nf3 b6 4. g3 Bb7 5. Bg2 Be7 6. O-O O-O 7. Re1 d5 8. cxd5
exd5 9. Nc3 Nbd7 10. Bf4 c5 11. dxc5 bxc5 12. Ne5 Nxe5 13. Bxe5 Nd7 14. Qb3
Nxe5 15. Qxb7 d4 16. Nd5 Bd6 17. Qa6 Qd7 18. Nb6 axb6 19. Bxa8 c4 20. Bg2 Bc5
21. Qb7 Qd6 22. Qe4 b5 23. a3 Rd8 24. Rad1 g6 25. h3 d3 26. Rd2 b4 27. exd3 c3
28. bxc3 bxc3 29. Rc2 Bd4 30. Kh1 Qxa3 31. f4 Qb3 32. Rcc1 f5 33. Qe2 Nf7 34.
Rb1 Qa3 35. Rb7 Qd6 36. Qa2 Rd7 37. Rxd7 Qxd7 38. Qc4 Kg7 39. Bc6 Qa7 40. Bd5
Bf6 41. d4 Nd6 42. Qxc3 Bxd4 43. Qd3 h5 44. Rd1 Bf6 45. Bg2 Nc8 46. Rb1 Ne7 47.
Qe2 Qa3 48. Rb7 Kh6 49. Qe1 Kg7 50. Kh2 Qd6 51. h4 Kf7 52. Qe3 Qe6 53. Qd2 Qc8
54. Qd6 Qc2 55. Rb6 Qc3 56. Qe6+ Kg7 57. Rb7 Qc5 58. Kh3 1-0

[Event "LXVIII C.to Italiano"]
[Site "Martina Franca ITA"]
[Date "2008.12.06"]
[Round "4"]
[White "Godena, Michele"]
[Black "Dvirnyy, Danyyil"]
[Result "1/2-1/2"]
[WhiteElo "2517"]
[BlackElo "2458"]
[PlyCount "53"]
[EventDate "2008.12.03"]

1. e4 c6 2. d4 d5 3. Nd2 dxe4 4. Nxe4 Bf5 5. Ng3 Bg6 6. Bc4 e6 7. N1e2 Bd6 8.
h4 h6 9. Nf4 Bxf4 10. Bxf4 Nf6 11. h5 Bh7 12. O-O O-O 13. c3 Nbd7 14. Qb3 b5
15. Be2 Nb6 16. Rfe1 Nfd5 17. Bd2 a5 18. Qd1 a4 19. b3 Qe7 20. Bf1 axb3 21.
axb3 Rxa1 22. Qxa1 Ra8 23. Qb2 Qa3 24. Qxa3 Rxa3 25. c4 Nf6 26. Re3 Bc2 27.
cxb5 1/2-1/2

[Event "LXVIII C.to Italiano"]
[Site "Martina Franca ITA"]
[Date "2008.12.06"]
[Round "4"]
[White "Piscopo, Pierluigi"]
[Black "Genocchio, Daniele"]
[Result "1/2-1/2"]
[WhiteElo "2380"]
[BlackElo "2452"]
[PlyCount "62"]
[EventDate "2008.12.03"]

1. e4 Nc6 2. Nc3 Nf6 3. d4 d5 4. e5 Ng8 5. Nce2 h5 6. c3 Bf5 7. Nf4 Qd7 8. Bd3
O-O-O 9. Nf3 Nh6 10. O-O h4 11. Re1 e6 12. Nxh4 g5 13. Nxf5 Nxf5 14. Nh5 Be7
15. Ng3 Nh4 16. b4 Rdg8 17. a4 Rh6 18. a5 f5 19. exf6 Bd6 20. a6 b6 21. Bb5
Rxf6 22. Ra2 Bf4 23. Qa4 e5 24. dxe5 Rh6 25. Rae2 Nf3+ 26. gxf3 Qh3 27. Bxc6
Qxh2+ 28. Kf1 Qh3+ 29. Kg1 Qh2+ 30. Kf1 Qh3+ 31. Kg1 Qh2+ 1/2-1/2

[Event "LXVIII C.to Italiano"]
[Site "Martina Franca ITA"]
[Date "2008.12.06"]
[Round "4"]
[White "Rombaldoni, Denis"]
[Black "Contin, Daniel"]
[Result "1-0"]
[WhiteElo "2436"]
[BlackElo "2318"]
[PlyCount "45"]
[EventDate "2008.12.03"]

1. d4 Nf6 2. Nf3 e6 3. e3 c5 4. Bd3 Nc6 5. O-O Qb6 6. c3 d5 7. Nbd2 Bd7 8. Ne5
Bd6 9. f4 cxd4 10. cxd4 Rc8 11. a3 Nxd4 12. exd4 Bxe5 13. fxe5 Qxd4+ 14. Kh1
Qxe5 15. Nf3 Qd6 16. Qe1 Qb6 17. b4 Bb5 18. Be3 Qa6 19. Bxb5+ Qxb5 20. Qg3 Rg8
21. Nd4 Qd3 22. Rxf6 Rc3 23. Rf3 1-0

[Event "LXVIII C.to Italiano"]
[Site "Martina Franca ITA"]
[Date "2008.12.06"]
[Round "4"]
[White "Shytaj, Luca"]
[Black "Valsecchi, Alessio"]
[Result "1/2-1/2"]
[WhiteElo "2472"]
[BlackElo "2342"]
[PlyCount "76"]
[EventDate "2008.12.03"]

1. d4 d5 2. Nc3 Nf6 3. Bg5 h6 4. Bxf6 exf6 5. g3 c6 6. Bg2 Qb6 7. Rb1 Bb4 8.
Qd2 O-O 9. e3 Nd7 10. Nge2 f5 11. O-O Nf6 12. Qd3 Re8 13. Kh1 a5 14. a3 Bf8 15.
Nf4 g5 16. Nfe2 Qd8 17. a4 b6 18. Kg1 Ne4 19. Qd1 Ba6 20. Nxe4 fxe4 21. Re1 Qd7
22. Nc3 Rad8 23. Qh5 Bg7 24. Bh3 Qe7 25. Bf5 Qf6 26. g4 c5 27. Rbd1 cxd4 28.
Rxd4 Qc6 29. Rd2 Bxc3 30. bxc3 Rd6 31. Red1 Qxc3 32. h4 d4 33. hxg5 dxe3 34.
Rxd6 exf2+ 35. Kxf2 Qf3+ 36. Kg1 Qg3+ 37. Kh1 Qf3+ 38. Kg1 Qg3+ 1/2-1/2

[Event "LXVIII C.to Italiano"]
[Site "Martina Franca ITA"]
[Date "2008.12.07"]
[Round "5"]
[White "Brunello, Sabino"]
[Black "Godena, Michele"]
[Result "1/2-1/2"]
[WhiteElo "2456"]
[BlackElo "2517"]
[PlyCount "80"]
[EventDate "2008.12.03"]

1. e4 e5 2. Nf3 Nc6 3. Bb5 g6 4. O-O Bg7 5. c3 a6 6. Ba4 Nge7 7. d4 exd4 8.
cxd4 b5 9. Bb3 O-O 10. Nc3 d6 11. Nd5 h6 12. Nxe7+ Nxe7 13. Be3 Kh7 14. Rc1 Bb7
15. d5 c5 16. dxc6 Nxc6 17. Bd5 Qd7 18. Qd2 Rae8 19. Rfd1 Ne7 20. Bxb7 Qxb7 21.
Qxd6 Qxe4 22. Qxa6 Nf5 23. Bc5 Ra8 24. Qxb5 Rfb8 25. Qc4 Qxc4 26. Rxc4 Bxb2 27.
g4 Ng7 28. Be3 Rxa2 29. Rd7 Kg8 30. Bxh6 Ne6 31. Ng5 Nxg5 32. Bxg5 Be5 33. Rc5
Re8 34. Rb5 Rb2 35. Ra5 Rb4 36. h3 Bd4 37. Bh4 Bb6 38. Ra2 f5 39. Bf6 fxg4 40.
hxg4 Rxg4+ 1/2-1/2